000
00219nam a2200085Ia 4500
008
120527s9999 xx 000 0 und d
100
_a
Bidwell & Mey
245
_a
Sociology of the family: investigating family
942
_c
BK
999
_c
27622
_d
27622